Historia del Teatro Lírico / (Record no. 58157)

MARC details
000 -LEADER
campo de control de longitud fija 00545nam a2200169 i 4500
001 - NÚMERO DE CONTROL
campo de control 58157
003 - IDENTIFICADOR DE NÚMERO DE CONTROL
campo de control ES-MaACL
005 - FECHA Y HORA DE LA ÚLTIMA TRANSACCIÓN
campo de control 20230906163735.0
007 - CAMPO FIJO DE DESCRIPCIÓN FÍSICA--INFORMACIÓN GENERAL
campo de control de longitud fija t|
008 - DATOS DE LONGITUD FIJA--INFORMACIÓN GENERAL
campo de control de longitud fija 031021s1957 sp ||||1| spa d
100 1# - ENTRADA PRINCIPAL--NOMBRE DE PERSONA
Nombre de persona Dumesnil, René.
9 (RLIN) 45998
245 10 - MENCIÓN DEL TÍTULO
Título Historia del Teatro Lírico /
Mención de responsabilidad, etc. René Dumesnil ; traducción castellana y apéndice por Rosendo Llates.
260 ## - PUBLICACIÓN, DISTRIBUCIÓN, ETC.
Lugar de publicación, distribución, etc. Barcelona :
Nombre del editor, distribuidor, etc. Vergara,
Fecha de publicación, distribución, etc. [1957] (
Fabricante Rafael Salvá)
300 ## - DESCRIPCIÓN FÍSICA
Extensión 332 p., 22 lám. ;
Dimensiones 25 cm.
700 1# - ENTRADA AGREGADA--NOMBRE PERSONAL
Nombre de persona Llates, Rosendo.
9 (RLIN) 72726
852 ## - LOCALIZACIÓN
Ubicación ES-MaACL
Número de control de estantería C-12222
Sublocalización o colección R.40475
Holdings
Estatus retirado Estado de pérdida Estado de daño No para préstamo Biblioteca de origen Biblioteca actual Ubicación en estantería Fecha de adquisición Fuente de adquisición Total de préstamos Signatura topográfica completa Código de barras Visto por última vez Precio de reemplazo Tipo de ítem Koha
        Biblioteca del Ateneo de Madrid Biblioteca del Ateneo de Madrid Sala Palomar 17/01/2008     C-12222 1061032 23/02/2023 23/02/2023 Libro impreso